1690 1722 1456 1993 1833 1513 1986 1713 1420 1509 1423 1409 1113 1292 1510 1933 1972 1116 1220 1851 1129 1928 1677 1575 1237 1038 1241 1205 1708 1317 1197 1416 1904 1596 1642 1176 1812 1886 1744 1587 1546 1643 1072 1142 1346 1997 1708 1712 1946 1736 1756 1359 1015 1057 1707 1742 1268 1039 1233 1120 1641 1122 1530 1961 1143 1064 1609 1467 1669 1384 1168 1629 1511 1778 1851 1322 1015 1840 1278 1021 1497 1320 1509 1730 1312 1554 1240 1917 1853 1495 1592 1194 1261 1152 1835 1961 1260 1437 1069 BCNSPRNW ULIB Ver.6.0+V

เปลี่ยนเป็นภาษาไทย

Change to English
 แสดงรายละเอียดบรรณานุกรม
  กลับหน้าหลัก

Brief Record : Get Marc (ISO 2709) : E-mail record : QR code < ปิดหน้าต่าง
LEADER : 00000nam 2200000 a 4500
001    13399114952
003     ULIB
008    090902s2010 us a 001 0 eng d
020    ^a9780323054928 (pbk. : alk. paper)
020    ^a9780323054911
060 04 ^aQT104^bT427h
100 1  ^aThibodeau, Gary A.,^d1938-
245 14 ^aThe human body in health & disease /^cGary A. Thibodeau, Kevin T. Patton
246 30 ^aHuman body in health and disease
250    ^a5th ed.
260    ^aSt. Louis, Mo. :^bMosby/Elsevier,^c2010
300    ^axx, 685, [106] p. :^bcol. ill. ;^c26 cm. +^c1 CD-ROM (4 3/4 in.)
500    ^aIncludes index
650  2 ^aAnatomy
650  2 ^aPathology
650  2 ^aPhysiology
700 1  ^aPatton, Kevin T.
945    ^p0^l0^i19115
995    ^a Kesorn
999 ^a ใช้งานได้ทุกระบบ
รายการนี้ยังไม่มีแท็ก
คุณยังไม่ได้ล็อกอิน คุณสามารถมีกิจกรรมร่วมกับเว็บไซต์ได้ แต่ต้องล็อกอินก่อน ::
  ล็อกอิน

รายการสื่อสารสนเทศ

ลำดับที่ ประเภท เลขเรียก/บาร์โค้ด สถานที่ สถานะ
- ไม่พบข้อมูล -

รายการใกล้เคียง
    หัวเรื่อง [Anatomy]
    หัวเรื่อง [Pathology]
    หัวเรื่อง [Physiology]

BibComment


ยังไม่เคยถูกคอมเมนท์

คอมเมนท์ทรัพยากรรายการนี้
  คอมเมนท์: The human body i..


 Copyright 2026. Bcnsprnw @Library